|
|
|
|
| LEADER |
00787nam a2200145Ia 4500 |
| 008 |
121027s9999 xx 000 0 eng d |
| 020 |
|
|
|a 8175200669
|
| 082 |
|
|
|a 378.1550954
|b POW/I
|
| 100 |
|
|
|a Powar, K B, Ed.
|
| 245 |
|
|
|a Internationalisation of Indian higher education /
|
| 260 |
|
|
|a New Delhi:
|b Association of Indian Universities,
|c 2001.
|
| 300 |
|
|
|a 200p
|
| 505 |
|
|
|a 1.Nature and scope of internationlisation of higher education 2.Academic exchange 'Global Literacy' and U.S. higher education 3.Internationalisation of higher education: Australian experiences 4.Globalisation of higher education: What it means for Indi
|
| 999 |
|
|
|c 52736
|d 52736
|
| 952 |
|
|
|0 0
|1 0
|4 0
|6 378_155095400000000_POW_I
|7 0
|9 52714
|a UL
|b UL
|c ST1
|d 2012-10-27
|l 1
|o 378.1550954 POW/I
|p 75842
|r 2016-03-18
|s 2016-03-04
|w 2012-10-27
|y BK
|